Quizzes
Events
Quiz Creation
Community
Videos
Private Events
Remove Ads
Sign In
Join for FREE
Feedback
Dark Mode
Quiz Categories
Sports
Geography
Music
Movies
Television
Just For Fun
Miscellaneous
History
Literature
Language
Science
Gaming
Entertainment
Religion
Holiday
For Kids
Quiz Lab
Recent
Popular Today
Quiz Kudos Today
Editor Picks
Curator Picks
Quizzes by...
Day
Popularity
Type
Ratings
Length
Year
Community
Subscriptions
Recent Discussions
Orange Saloon
Badges
Playlists
Quests
Create
Leaderboards
Showdown
Live 5
Trivia Bingo
Activity
Puzzle Library
Sporcle Events
Private Events
Virtual Trivia
Globe League
Become a Host
Pub Owners
SporcleCon
Opinionation
Our Games
Videos
Blog
Mobile Apps
Partnerships
Remove Ads and Go Orange
Feedback
Sports
Athletes
MLB
NBA
NHL
NFL
Soccer
Sports Teams
WWE
NCAA
Football
Premier League
Basketball
Baseball
Hockey
Golf
Tennis
Cricket
Rugby
Auto Racing
Olympics
World Cup
Sports
Athletes
MLB
NBA
NHL
NFL
Soccer
Sports Teams
WWE
NCAA
Football
Premier League
Basketball
Baseball
Hockey
Golf
Tennis
Cricket
Rugby
Auto Racing
Olympics
World Cup
Random Quiz
Search Sporcle
×
Quiz Lab
Quiz Lab
Sports
Baseball
Type in answers that appear in a list
Type in answers that appear in a list
Classic
Best Score? Go Orange.
2011 MLB Hitting Leaders Stats
Can you name the top 10 qualified MLB players in each of these hitting categories?
By
MasterPenguin
8m
200 Questions
321 Plays
321 Plays
321 Plays
Comments
Comments
Give Quiz Kudos
Give Quiz Kudos
-
- Ratings
hide this ad
More Info
Replay
Link that replays current quiz
Next Quiz
Link to next quiz in quiz playlist
You Got
0%
They Got
Avg Score
83%
Avg Friend Score
Upgrade to see
Score Distribution
Jump to the score distribution portion of the page
Score
0/200
Timer
08:00
0
Plays Today
Stat
Player
% Correct
Runs Batted In
Jacoby Ellsbury
97.8%
Home Runs
Ryan Howard
96.9%
Total Bases
Albert Pujols
96.3%
At Bats
Ichiro Suzuki
96%
Hits
Miguel Cabrera
96%
Batting Average
Miguel Cabrera
96%
Doubles
Miguel Cabrera
96%
Runs Scored
Miguel Cabrera
96%
Total Bases
Miguel Cabrera
96%
Bases on Balls
Miguel Cabrera
96%
Stolen Bases
Ichiro Suzuki
96%
On-
Base Percentage
Miguel Cabrera
96%
Slugging Percentage
Miguel Cabrera
96%
On-
Base Plus Slugging
Miguel Cabrera
96%
Double Plays Grounded Into
Miguel Cabrera
96%
Offensive Wins Above Replacement
Miguel Cabrera
96%
Offensive Win Percentage*
Miguel Cabrera
96%
Hits
Matt Kemp
95.6%
Batting Average
Matt Kemp
95.6%
Home Runs
Matt Kemp
95.6%
Runs Batted In
Matt Kemp
95.6%
Runs Scored
Matt Kemp
95.6%
Total Bases
Matt Kemp
95.6%
Stolen Bases
Matt Kemp
95.6%
On-
Base Percentage
Matt Kemp
95.6%
Slugging Percentage
Matt Kemp
95.6%
On-
Base Plus Slugging
Matt Kemp
95.6%
At Bats Per Home Run
Matt Kemp
95.6%
Offensive Wins Above Replacement
Matt Kemp
95.6%
Offensive Win Percentage*
Matt Kemp
95.6%
At Bats
Melky Cabrera
95.3%
Hits
Melky Cabrera
95.3%
Doubles
Melky Cabrera
95.3%
Home Runs
Jose Bautista
95.3%
Home Runs
Prince Fielder
95.3%
Home Runs
Albert Pujols
95.3%
Runs Batted In
Prince Fielder
95.3%
Runs Scored
Jose Bautista
95.3%
Runs Scored
Albert Pujols
95.3%
Total Bases
Prince Fielder
95.3%
Bases on Balls
Jose Bautista
95.3%
Bases on Balls
Prince Fielder
95.3%
On-
Base Percentage
Jose Bautista
95.3%
On-
Base Percentage
Prince Fielder
95.3%
Slugging Percentage
Jose Bautista
95.3%
Slugging Percentage
Prince Fielder
95.3%
On-
Base Plus Slugging
Jose Bautista
95.3%
On-
Base Plus Slugging
Prince Fielder
95.3%
Double Plays Grounded Into
Albert Pujols
95.3%
At Bats Per Strikeout
Albert Pujols
95.3%
At Bats Per Home Run
Jose Bautista
95.3%
At Bats Per Home Run
Prince Fielder
95.3%
Offensive Wins Above Replacement
Jose Bautista
95.3%
Offensive Wins Above Replacement
Prince Fielder
95.3%
Offensive Win Percentage*
Jose Bautista
95.3%
Offensive Win Percentage*
Prince Fielder
95.3%
Batting Average
Ryan Braun
95%
Runs Batted In
Ryan Braun
95%
Runs Scored
Ryan Braun
95%
Total Bases
Ryan Braun
95%
On-
Base Percentage
Ryan Braun
95%
Slugging Percentage
Ryan Braun
95%
On-
Base Plus Slugging
Ryan Braun
95%
Offensive Wins Above Replacement
Ryan Braun
95%
Offensive Win Percentage*
Ryan Braun
95%
At Bats
Jacoby Ellsbury
93.8%
At Bats
Adrian Gonzalez
93.8%
Stat
Player
% Correct
Hits
Adrian Gonzalez
93.8%
Hits
Jacoby Ellsbury
93.8%
Batting Average
Adrian Gonzalez
93.8%
Batting Average
Jacoby Ellsbury
93.8%
Doubles
Jacoby Ellsbury
93.8%
Doubles
Adrian Gonzalez
93.8%
Runs Batted In
Adrian Gonzalez
93.8%
Runs Scored
Jacoby Ellsbury
93.8%
Runs Scored
Adrian Gonzalez
93.8%
Total Bases
Jacoby Ellsbury
93.8%
Total Bases
Adrian Gonzalez
93.8%
Stolen Bases
Jacoby Ellsbury
93.8%
On-
Base Percentage
Adrian Gonzalez
93.8%
Slugging Percentage
Jacoby Ellsbury
93.8%
On-
Base Plus Slugging
Adrian Gonzalez
93.8%
On-
Base Plus Slugging
Jacoby Ellsbury
93.8%
Double Plays Grounded Into
Adrian Gonzalez
93.8%
Double Plays Grounded Into
Victor Martinez
93.8%
Offensive Wins Above Replacement
Jacoby Ellsbury
93.8%
Offensive Win Percentage*
Adrian Gonzalez
93.8%
Offensive Win Percentage*
Jacoby Ellsbury
93.8%
At Bats
Dustin Pedroia
92.5%
Hits
Dustin Pedroia
92.5%
Batting Average
Joey Votto
92.5%
Triples
Curtis Granderson
92.5%
Home Runs
Curtis Granderson
92.5%
Runs Batted In
Curtis Granderson
92.5%
Runs Scored
Curtis Granderson
92.5%
Total Bases
Curtis Granderson
92.5%
Total Bases
Joey Votto
92.5%
Bases on Balls
Joey Votto
92.5%
Strikeouts
Curtis Granderson
92.5%
On-
Base Percentage
Joey Votto
92.5%
Slugging Percentage
Curtis Granderson
92.5%
On-
Base Plus Slugging
Joey Votto
92.5%
At Bats Per Home Run
Curtis Granderson
92.5%
Offensive Wins Above Replacement
Dustin Pedroia
92.5%
Offensive Wins Above Replacement
Joey Votto
92.5%
Offensive Win Percentage*
Joey Votto
92.5%
Batting Average
Jose Reyes
91.6%
Triples
Jose Reyes
91.6%
Stolen Bases
Jose Reyes
91.6%
At Bats Per Strikeout
Jose Reyes
91.6%
Offensive Wins Above Replacement
Jose Reyes
91.6%
Offensive Win Percentage*
Jose Reyes
91.6%
Home Runs
Mark Teixeira
91.3%
Runs Batted In
Mark Teixeira
91.3%
At Bats Per Home Run
Mark Teixeira
91.3%
Doubles
Robinson Cano
90%
Runs Batted In
Robinson Cano
90%
Total Bases
Robinson Cano
90%
At Bats
Michael Young
89.4%
Hits
Michael Young
89.4%
Batting Average
Michael Young
89.4%
Doubles
Michael Young
89.4%
Runs Batted In
Michael Young
89.4%
Runs Batted In
Ryan Howard
88.8%
Strikeouts
Ryan Howard
88.8%
Strikeouts
B.J. Upton
86.9%
Triples
Cameron Maybin
86%
On-
Base Percentage
David Ortiz
85.7%
Slugging Percentage
David Ortiz
85.7%
On-
Base Plus Slugging
David Ortiz
85.7%
Double Plays Grounded Into
David Ortiz
85.7%
At Bats
Michael Bourn
84.4%
Hits
Michael Bourn
84.4%
Triples
Michael Bourn
84.4%
Stat
Player
% Correct
Stolen Bases
Michael Bourn
84.4%
Strikeouts
Adam Dunn
83.8%
Hits
Hunter Pence
81.9%
Batting Average
Hunter Pence
81.9%
At Bats
Starlin Castro
81.3%
Hits
Starlin Castro
81.3%
Triples
Starlin Castro
81.3%
Double Plays Grounded Into
Starlin Castro
81.3%
Home Runs
Mark Reynolds
81%
Strikeouts
Mark Reynolds
81%
At Bats Per Home Run
Mark Reynolds
81%
Stolen Bases
Brett Gardner
80.4%
Home Runs
Dan Uggla
80.1%
Runs Scored
Justin Upton
80.1%
Triples
Shane Victorino
79.8%
Home Runs
Mike Stanton
78.8%
Strikeouts
Mike Stanton
78.8%
At Bats Per Home Run
Mike Stanton
78.8%
Bases on Balls
Lance Berkman
78.5%
On-
Base Percentage
Lance Berkman
78.5%
On-
Base Plus Slugging
Lance Berkman
78.5%
Offensive Wins Above Replacement
Lance Berkman
78.5%
Offensive Win Percentage*
Lance Berkman
78.5%
Runs Scored
Ian Kinsler
77.9%
Bases on Balls
Ian Kinsler
77.9%
Batting Average
Victor Martinez
75.1%
Slugging Percentage
Adrian Beltre
75.1%
At Bats Per Strikeout
Victor Martinez
75.1%
At Bats Per Home Run
Adrian Beltre
75.1%
Double Plays Grounded Into
Matt Holliday
73.8%
At Bats Per Home Run
Evan Longoria
73.5%
Doubles
Billy Butler
72.3%
Doubles
Alex Gordon
71.3%
Triples
Austin Jackson
70.7%
Strikeouts
Austin Jackson
70.7%
At Bats
Juan Pierre
68.8%
At Bats Per Strikeout
Juan Pierre
68.8%
At Bats
Nick Markakis
66.7%
Bases on Balls
Nick Swisher
66.4%
Bases on Balls
Carlos Pena
65.4%
Doubles
Ben Zobrist
62%
Bases on Balls
Andrew McCutchen
62%
Triples
Dexter Fowler
58.6%
Strikeouts
Drew Stubbs
58.3%
Stolen Bases
Drew Stubbs
58.3%
Stolen Bases
Coco Crisp
56.4%
At Bats Per Home Run
Mike Napoli
54.8%
Double Plays Grounded Into
Torii Hunter
53.3%
Bases on Balls
Carlos Santana
51.1%
Stolen Bases
Cameron Maybin
50.8%
Double Plays Grounded Into
Yadier Molina
48.6%
At Bats Per Strikeout
Yadier Molina
48.6%
Strikeouts
Kelly Johnson
48.3%
Doubles
Jeff Francoeur
46.4%
Slugging Percentage
Michael Morse
46.4%
Double Plays Grounded Into
Vladimir Guerrero
45.5%
At Bats Per Strikeout
Vladimir Guerrero
45.5%
At Bats Per Strikeout
Placido Polanco
43%
On-
Base Percentage
Alex Avila
39.9%
Triples
Peter Bourjos
36.8%
Triples
Seth Smith
32.1%
Stolen Bases
Emilio Bonifacio
31.8%
Strikeouts
Danny Espinosa
31.5%
At Bats Per Strikeout
Martin Prado
28.7%
At Bats Per Strikeout
A.J. Pierzynski
26.8%
At Bats Per Strikeout
Alberto Callaspo
13.4%
Quiz Playlist
Details
Report
Send in Message
Add To Playlist
More Info:
*Offensive win percentage is the winning percentage of a team where all nine batters are the same player. It assumes average pitching and defense.
Classic:
Type in answers that appear in a list
Quiz Source
Last Updated: Feb 16, 2017
Quiz Scoreboard
CHALLENGE
Sign Up to Join the Scoreboard
Show All
Scores
Hide
Comments
May contain spoilers
Recently Published
Billboard Blitz: Fleetwood Mac
by CooCooCachoo
Music
15s
Presidents Visiting Landmarks
by Hejman
History
7m
An Introduction to Baseball
by treessimontrees
Sports
5m
More to Explore
Quiz From the Vault
Featured Blog Post
Where Did the Easter Bunny Come From?
hide this ad
You Might Also Like...
Tags
Baseball Quiz
MLB Quiz
2011
Category
Player
Qualified
stat
Today's Top Quizzes in Sports
Browse Sports
hide this ad
Today's Top Quizzes in Baseball
Browse Baseball
Top Contributed Quizzes in Sports
1
Les meilleurs buteurs des matchs entre le PSG et l’OM
2
2022 World Cup Stars
3
FIFA Club World Cup Champions
4
Les entraîneurs de l'OM et du PSG au 21e siècle
5
Criteria MLB: Left Handed Sluggers
6
AFC Teams Reveal (Wrong Answers Minefield)
7
5-to-1: UK Sports Teams
8
Name the Premier League winners with different clubs
9
5-to-1: FBS Animal Nicknames
10
Players with Multiple 50 Home Run Seasons
Explore More
Trending Topics
Harry Potter
Marvel
Kpop
Crossword
Anime
Disney
NBA
Puzzle
Pokémon
NFL
The Office
WWE
Song
Soccer
Country
hide this ad
More By:
MasterPenguin
Quiz
Plays
Rating
Category
Featured
Created
Things Katy Perry Did Last Friday Night
54,753
3.87
Music
Aug 24, 2011
Name a Pokémon That...
36,405
4.24
Gaming
Aug 11, 2011
Book By Supporting Characters
28,087
4.59
Literature
Aug 18, 2011
Science Matching Game
25,541
4.53
Science
Sep 15, 2011
Sushi or Japanese Emperor
18,191
4.55
Just For Fun
Aug 22, 2011
Go to Creator's Profile
Score Distribution
Quiz Creator Spotlight
MasterPenguin
Follow
Send a Message
Quizzes Created
-
Created Quiz Play Count
-
More By This Creator
Popular Quizzes Today
1
Find the US States - No Outlines Minefield
2
Find the Countries of Europe - No Outlines Minefield
3
The Countries of the World
4
Find the US States
5
Risky Map Clicking: Biggest States A-Z
6
US States
7
Popular People in 1961
8
Movies - When Are They Set?
More Sports Quizzes
Все страны, попадавшие на ЕВРО
Quiz Lab
Trending Quizzes
Risky Map Clicking: Least Populous States A-Z
1-10 Letter G Words
1-10 Letter F Words
Risky Map Clicking: Next State Alphabetically
Risky Map Clicking: Biggest States A-Z
Recently Updated
Leaping Animals
pecheneg
Reality TV Shows (A-Z)
bhenderson79
Rickey Henderson's Hall of Fame Teammates
pecheneg
Champions League XIs: Arsenal
pecheneg
Quick Pick: Celebrities in WWE's Hall of Fame
aduchscher
A-Z Keypad Blitz II
pecheneg
Multiple Oscar Actors
pecheneg
Mystery Phrase Blitz: Oscar 'Best Actors'
pecheneg
F. Scott Fitzgerald Novels
LTH
Pick 3 Villains
ddd62291
Trending Topics
Disney
Crossword
Harry Potter
NBA
Anime
Marvel
Kpop
Song
Country
Puzzle
WWE
The Office
Pokémon
Soccer
NFL
Your Account Isn't Verified!
In order to create a playlist on Sporcle, you need to verify the email address you used during registration. Go to your
Sporcle Settings
to finish the process.
Report this User
Report this user for behavior that violates our
Community Guidelines
.
Details:
Send Report
Go to the Sporcle.com Mobile Site →
Comments